Fundamentals of bioMEMS and medical microdevices
Đã lưu trong:
| Príomhúdar: | |
|---|---|
| Formáid: | Leabhar |
| Teanga: | Undetermined |
| Foilsithe: |
[Hoboken, NJ]
Wiley-Interscience
2006
|
| Ábhair: | |
| Clibeanna: |
Cuir Clib Leis
Gan Chlibeanna, Bí ar an gcéad duine leis an taifead seo a chlibeáil!
|
| Thư viện lưu trữ: | Trung tâm Học liệu Trường Đại học Cần Thơ |
|---|
| LEADER | 00549nam a2200193Ia 4500 | ||
|---|---|---|---|
| 001 | CTU_123952 | ||
| 008 | 210402s9999 xx 000 0 und d | ||
| 020 | |c 1583000 | ||
| 082 | |a 610.28 | ||
| 082 | |b S165 | ||
| 100 | |a Saliterman, Steven S. | ||
| 245 | 0 | |a Fundamentals of bioMEMS and medical microdevices | |
| 245 | 0 | |c Steven S. Saliterman | |
| 260 | |a [Hoboken, NJ] | ||
| 260 | |b Wiley-Interscience | ||
| 260 | |c 2006 | ||
| 650 | |a Nanotechnology,Biotechnology | ||
| 904 | |i Nguyên | ||
| 980 | |a Trung tâm Học liệu Trường Đại học Cần Thơ | ||